Statystyki dla Złote karty Włochów w EA FC 24

Kliknij tutaj aby rozwiązać quiz!

Ogólne statystyki

  • Ten quiz został rozwiązany 20 razy
  • Średni wynik to 23 z 93

Statystyki odpowiedzi

OverallZawodnik% Poprawnych
87Gianluigi Donnarumma
94%
85Ciro Immobile
71%
84Federico Chiesa
65%
86Nicolo Barella
65%
85Alessandro Bastoni
59%
80Giorgio Chiellini
59%
86Marco Verratti
59%
82Federico Dimarco
53%
80Leonardo Bonucci
53%
78Moise Kean
53%
83Alex Meret
47%
85Giovanni Di Lorenzo
47%
83Jorginho
47%
75Alessandro Florenzi
41%
85Domenico Berardi
41%
80Leonardo Spinazzola
41%
78Andrea Belotti
35%
81Davide Calabria
35%
83Francesco Acerbi
35%
81Lorenzo Insigne
35%
82Manuel Locatelli
35%
81Matteo Politano
35%
79Mattia Perin
35%
77Retegui
35%
77Emerson
29%
76Federico Gatti
29%
79Giacomo Raspadori
29%
83Gianluca Mancini
29%
78Gianluca Scamacca
29%
75Giorgio Scalvini
29%
79Manuel Lazzari
29%
77Marco Sportiello
29%
80Nicolo Zaniolo
29%
86Sandro Tonali
29%
83Alessio Romagnoli
24%
79Antonio Candreva
24%
79Davide Zappacosta
24%
75Fabio Miretti
24%
79Giacomo Bonaventura
24%
82Gugliermo Vicario
24%
83Lorenzo Pellegrini
24%
80Matteo Darmian
24%
76Mattia De Sciglio
24%
80Rafael Toloi
24%
78Stephan El Shaarawy
24%
76Tommaso Pobega
24%
82Vincenzo Grifo
24%
79Andrea Consigli
18%
76Angelo Ogbonna
18%
80Cristiano Biraghi
18%
75Daniele Rugani
18%
77Destiny Udogie
18%
79Emil Audero
18%
78Gaetano Castrovilli
18%
82Ivan Provedel
18%
82Mattia Zaccagni
18%
76Pierluigi Gollini
18%
76Riccardo Sottil
18%
77Alessandro Buongiorno
12%
75Alessio Cragno
12%
77Andrea Petagna
12%
81Bryan Cristante
12%
77Danilo D'Ambrosio
12%
80Davide Frattesi
12%
75Federico Baschirotto
12%
78Federico Bernardeschi
12%
76Francesco Caputo
12%
77Gianluca Caprari
12%
80Luiz Felipe
12%
79Michele Di Gregorio
12%
79Nicolo Casale
12%
77Nicolo Fagioli
12%
77Nicolo Rovella
12%
79Pietro Terracciano
12%
78Riccardo Orsolini
12%
76Riccardo Saponara
12%
78Stefano Sensi
12%
77Tommaso Baldanzi
12%
76Alberto Brignoli
6%
77Danilo Cataldi
6%
75Di Francesco
6%
77Fabiano Parisi
6%
77Fabio Borini
6%
75Giulio Maggiore
6%
77Lorenzo Montipo
6%
79Marco Carnesecchi
6%
76Marco Faraoni
6%
79Marco Silvestri
6%
78Matteo Pessina
6%
79Patrick Ciurria
6%
76Rolando Mandragora
6%
76Samuele Ricci
6%
76Wladimiro Falcone
6%

Rozkład punktacji

Percentyl według liczby udzielonych odpowiedzi

Procent ludzi z każdym wynikiem

Twoja historia wyników

Nie rozwiązałeś tego quizu